000 00460nam a2200181Ia 4500
999 _c29146
_d29146
003 OSt
005 20230915143751.0
008 200615s9999||||xx |||||||||||||| ||und||
020 _a9788131808153
040 _cmuit
082 _a624
_bRKB-A
100 _aR.K. BANSAL,
245 2 _aA TEXTBOOK OF FLUID MECHANICS AND HYDRAULIC MECHINES
250 _aPAPERBACK; 2005-01
260 _anew delhi
_bLAXMI PUBLICATIONS
_c2017
300 _a650
942 _cBK
_2ddc